TV Show by Mural Quiz Stats

 Plays Quiz Updated Jan 4, 2018

Score 0/20 Timer 05:00
2 Plays Today
% Correct
Sesame Street
95.9%
Star Trek
95.9%
The Fresh Prince of Bel Air
94.1%
I Love Lucy
89.9%
Seinfeld
89%
Happy Days
87.8%
Breaking Bad
86.9%
Teletubbies
83.3%
Game of Thrones
79.9%
Doctor Who
79.4%
% Correct
Mister Rogers' Neighborhood
76.4%
Dexter
72.5%
Family Matters
72.3%
The Walking Dead
72%
The Andy Griffith Show
69.4%
The Colbert Report
68.2%
The Sopranos
62.1%
Sons of Anarchy
56.9%
The Honeymooners
55.4%
Boardwalk Empire
17.8%

You're not logged in!

Compare scores with friends on all Sporcle quizzes.
OR
Log In

You Might Also Like...

Show Comments

Extras

Top Quizzes Today


Score Distribution

Your Account Isn't Verified!

In order to create a playlist on Sporcle, you need to verify the email address you used during registration. Go to your Sporcle Settings to finish the process.

Report this User

Report this user for behavior that violates our Community Guidelines.

Details: